Kĩ thuật nuôi một số loài cá xuất khẩu

Saved in:
Bibliographic Details
Main Author: Phạm Văn Khánh
Format: Book
Language:Undetermined
Published: Hà Nội Nông nghiệp 2000
Subjects:
Tags: Add Tag
No Tags, Be the first to tag this record!
Institutions: Trung tâm Học liệu Trường Đại học Cần Thơ
LEADER 00592nam a2200193Ia 4500
001 CTU_37338
008 210402s9999 xx 000 0 und d
020 |b 8.000đ 
082 |a 639.31 
082 |b Kh107 
100 |a Phạm Văn Khánh 
245 0 |a Kĩ thuật nuôi một số loài cá xuất khẩu 
245 0 |c Phạm Văn Khánh 
260 |a Hà Nội 
260 |b Nông nghiệp 
260 |c 2000 
650 |a fish-culture,freshwater fishes 
904 |i Nguyễn Quang Điền, 000717 
980 |a Trung tâm Học liệu Trường Đại học Cần Thơ